Paroles - Hugues Aufrey - Santiano - Statistiques

Statistiques générales
  • Ce quiz a été pris 465 fois
    419 depuis la dernière actualisation
  • Le résultat moyen est 144 sur 186
Statistiques - réponses
Paroles % Correct
Santiano !)
98%
Santiano !
98%
Santiano !
98%
un
98%
Un
98%
C'est
97%
fameux
97%
comme
96%
et
95%
la
95%
Je
94%
je
94%
(je
94%
le
94%
d'y
93%
D'y
93%
oiseau
93%
trois-mâts,
93%
de
92%
fin
91%
bon
89%
Tiens
89%
tiens
89%
vent
88%
suis
87%
à
86%
(A
86%
être
86%
fier
86%
haut !
86%
haut !
86%
matelot
86%
quatre
84%
tonneaux
84%
cents
83%
en
82%
(En
82%
(Hissez
82%
Hissez
82%
Hissez
82%
Margot
82%
jusqu'à
81%
(Nous
81%
(Nous
81%
Nous
81%
Dix-huit
80%
San Francisco)
80%
San Francisco
80%
irons
79%
noeuds,
78%
les
77%
coeur
76%
Malo)
76%
Saint
76%
gros
74%
pour
74%
laissant
73%
vague
73%
Si
72%
pars
71%
devant
70%
toujours
70%
veut,
70%
Dieu
69%
droit
69%
longs
68%
mois
68%
penser,
66%
jour
65%
feux
64%
flot
60%
l'anneau)
60%
passerai
60%
doigt,
59%
(J'en
59%
reviendrai,
59%
son
59%
On
58%
au
56%
Au
56%
des
55%
que
55%
chargé
54%
j'avais
54%
voir
54%
cadeaux
53%
doublant
53%
j'irai
53%
coule
52%
lingots)
51%
flots
50%
l'argent
50%
qui
50%
là-bas,
49%
plusieurs
49%
ramènerai
48%
pays,
45%
fond
43%
l'or
43%
mer
42%
trouve
42%
ruisseaux
41%
cap
39%
Sur
35%
fait
34%
dos
33%
prétend
33%
Aucun quiz correspondant
Distribution des résultats
% des personnes avec chaque résultat
Percentile par nombre de réponses
Votre historique - résultats
Vous n’avez pas pris ce quiz depuis la dernière actualisation